Ils nous ont quitté en 2023, quel était leur nationalité ? (4) - Statistiques

Statistiques générales
  • Ce quiz a été pris 28 fois
  • Le résultat moyen est 10 sur 25
Statistiques - réponses
Hint Extra Hint Explanation Réponse % Correct
Lee Sun-Kyun Décembre 27 Acteur Sud-Coréenne
74%
Bobby Charlton Octobre 21 Footballeur Britannique
70%
Guy Marchand Décembre 15 Acteur et changeur Française
70%
Jean-Pierre Elkabbach Octobre 3 Journaliste Française
65%
Jacques Delors Décembre 27 Homme politique Française
65%
Wolfgang Shauble Décembre 26 Homme politique Allemande
57%
Li Keqiang Octobre 27 Homme politique Chinoise
57%
Henry Kissinger Novembre 29 Diplomate Américaine
52%
Claude Bloch Décembre 31 Rescapé de la Shoah Française
52%
Dariush Mehrjui Octobre 14 Cinéaste Iranienne
52%
Bob de Groot Novembre 17 Auteur de BD Belge
43%
Jean-Roger Milo Octobre 12 Acteur Française
43%
Guy Camberabero Octobre 26 Rugbyman Française
39%
Piper Laurie Octobre 14 Actrice Américaine
35%
Tom Wilkinson Décembre 30 Acteur Britannique
30%
Marwan Berreni Octobre 12 Acteur Française
30%
Shane MacGowan Novembre 30 Chanteur Irlandaise
26%
Robert Solow Décembre 21 Economiste Américaine
22%
Denny Laine Décembre 5 Guitariste Britannique
22%
Frank Borman Novembre 7 Astronaute Américaine
17%
Richard Roundtree Octobre 24 Acteur Américaine
17%
Buzy Novembre 14 Chanteuse Française
17%
Karl Tremblay Novembre 15 Chanteur Canadienne
9%
Guy Latraverse Octobre 14 Producteur de télévision Canadienne
9%
Henri Lopes Novembre 2 Ecrivain Congolaise
4%
Aucun quiz correspondant
Distribution des résultats
% des personnes avec chaque résultat
Percentile par nombre de réponses
Votre historique - résultats
Vous n’avez pas pris ce quiz